In memory of Angel Clare : a novel /

Guardat en:
Dades bibliogràfiques
Autor principal: Bram, Christopher (Autor)
Format: Llibre
Idioma:anglès
Publicat: New York : Plume, 1990
Etiquetes: Afegir etiqueta
Sense etiquetes, Sigues el primer a etiquetar aquest registre!

MARC

LEADER 00000nam a22000007i 4500
001 IT\ICCU\UBO\2257001
003 ItRI
005 20260115231818.0
008 030725s1990 xxu|||||| ||||| |||||c
020 |a 0452264340 
040 |b ita  |c importazione bologna sebina 
041 7 |a eng  |2 ISO-639-2 
100 1 |a Bram, Christopher  |0 IT\ICCU\REAV\097327  |4 aut 
245 1 0 |a In memory of Angel Clare :  |b a novel /  |c by Christopher Bram. 
260 |a New York :  |b Plume,  |c 1990 
300 |a 288 p. ;  |c 20 cm. 
942 |2 ddc  |c BK  |n 0 
952 |0 0  |1 0  |4 0  |6 DOC_813_540000000000000_BRA  |7 0  |9 13253  |a BO  |b BO  |d 2026-01-15  |i 7521  |l 0  |o DOC 813.54 BRA  |p BO7521  |r 2026-01-15 23:18:18  |w 2026-01-15  |x [Sebina 5] [1 v.]  |y BK  |z 1 v. 
999 |c 11375  |d 11375